Normal view MARC view
  • Comunidad Eclesial de Base

Entry TÉRMINO TEMÁTICO

Number of records used in: 1

001 - NUMERO DE CONTROL DEL REGISTRO

  • campo de control: 220330

003 - IDENTIFICADOR DEL NUMERO DE CONTROL

  • campo de control: ES-SlBCS

005 - FECHA Y HORA DE LA ULTIMA TRANSACCION

  • campo de control: 20210327225310.0

008 - ELEMENTOS DE LONGITUD FIJA

  • campo de control de longitud fija: 210327|| aca||aabn | a|a d

040 ## - FUENTE DE LA CATALOGACION

  • Agencia que crea de manera original el registro: ES-SlBCS
  • Agencia que realiza la transcripción: ES-SlBCS

150 ## - ENCABEZAMIENTO - TEMÁTICO

  • Encabezamiento temático: Comunidad Eclesial de Base

670 ## - FUENTE EN LA QUE SE LOCALIZARON DATOS

  • Cita de la fuente: Work cat.: (ES-SlBCS)615154: Bertapelle, Ángel 220329, La Comunidad Eclesial de Base: una creación original de la Iglesia Latinoamericana asumida por la Iglesia universal

Bibliotecas Dominicos Provincia Hispania, 2016

Con tecnología Koha